000 00335nam a2200133Ia 4500
008 230312s9999||||xx |||||||||||||| ||und||
082 _a307.760
_bHAS-S
100 _aHasan;arif
245 0 _aScale and causes of urban change
260 _bUshba
_apakistan
_c2015
300 _a170
650 _aArchitecture
_vArchitecture
942 _cBK
999 _c12696
_d12696